Contribución al estudio de la sarcoidosis (Linfogranulomatosis benigna o enfermedad de Besnier-Boeck-Schaumann) / (Record no. 118843)

MARC details
000 -LEADER
campo de control de longitud fija 00525nam a2200145 4500
001 - NÚMERO DE CONTROL
campo de control 118843
003 - IDENTIFICADOR DE NÚMERO DE CONTROL
campo de control ES-MaACL
007 - CAMPO FIJO DE DESCRIPCIÓN FÍSICA--INFORMACIÓN GENERAL
campo de control de longitud fija t|
008 - DATOS DE LONGITUD FIJA--INFORMACIÓN GENERAL
campo de control de longitud fija 070214s1950 sp r ||||1| spa d
100 1# - ENTRADA PRINCIPAL--NOMBRE DE PERSONA
Nombre de persona Pérez Carreño, Luis.
9 (RLIN) 90710
245 10 - MENCIÓN DEL TÍTULO
Título Contribución al estudio de la sarcoidosis (Linfogranulomatosis benigna o enfermedad de Besnier-Boeck-Schaumann) /
Mención de responsabilidad, etc. por al Dr. Luis Pérez Carrreño.
260 ## - PUBLICACIÓN, DISTRIBUCIÓN, ETC.
Lugar de publicación, distribución, etc. Madrid :
Nombre del editor, distribuidor, etc. [s.n.],
Fecha de publicación, distribución, etc. 1950 (
Fabricante León : Imp. Provincial)
300 ## - DESCRIPCIÓN FÍSICA
Extensión 124 p. ;
Dimensiones 23 cm.
852 ## - LOCALIZACIÓN
Ubicación ES-MaACL
Número de control de estantería C-9441
Sublocalización o colección R.37623
Holdings
Estatus retirado Estado de pérdida Estado de daño No para préstamo Biblioteca de origen Biblioteca actual Ubicación en estantería Fecha de adquisición Fuente de adquisición Total de préstamos Signatura topográfica completa Código de barras Visto por última vez Precio de reemplazo Tipo de ítem Koha
        Biblioteca del Ateneo de Madrid Biblioteca del Ateneo de Madrid Sala Palomar 17/01/2008     C-9441 1123894 23/02/2023 23/02/2023 Libro impreso